Biblioteca

Bruchko / (Registro nro. 37603)

Detalles MARC
000 -LÍDER
Campo fijo de descripción fija 02249cam a2200469 a 4500
001 - NÚMERO DE CONTROL
Campo de control 768714001
003 - IDENTIFICADOR DEL NÚMERO DE CONTROL
Campo de control CO-MdFUSB
005 - FECHA Y HORA DE LA ULTIMA TRANSACCIÓN
control field 20240906122909.0
008 - ELEMENTOS DE LONGITUD FIJA -- INFORMACIÓN GENERAL
Campo fijo de descripción fija -- Información general 060808t2006 ck 000 0aspa
010 ## - NÚMERO DE CONTROL DE LA BIBLIOTECA DEL CONGRESO
Número de control LC 2006280234
020 ## - NÚMERO INTERNACIONAL NORMALIZADO PARA LIBROS
Número Internacional Normalizado del libro 9781576583340
040 ## - FUENTE DE CATALOGACIÓN
Agencia de catalogación original DLC
Agencia que realiza la modificación DLC
Idioma de catalogación spa
Agencia que realiza la transcripción CO-MdFUSB
Convenciones de la descripción rda
041 ## - CÓDIGO DE IDIOMA
Código de idioma para texto/pista de sonido o título separado spa
Código de idioma original eng
043 ## - GEOGRAPHIC AREA CODE
Geographic area code s-ve---
082 ## - NÚMERO DE CLASIFICACIÓN DECIMAL DEWEY
Número de la edición del Dewey 22
Número de clasificación 266.089
Clave de autor-Numero de item O524b
100 1# - ASIENTO PRINCIPAL--NOMBRE PERSONAL
Nombre personal Olson, Bruce
Término relacionador autor
240 ## - TITULO UNIFORME
Título uniforme <a href="Bruchko.">Bruchko.</a>
245 10 - TÍTULO
Título del Material Bruchko /
Mención de responsabilidad, etc. Bruce Olson.
246 1# - FORMA VARIANTE DEL TITULO
Título propiamente dicho/forma breve del título La asombrosa historia de un joven de diecinueve años, su captura por los indígenas motilones y sus aventuras en el intento de cristianizar a una tribu de la Edad de Piedra.
260 ## - PUBLICACIÓN, DISTRIBUCIÓN, ETC. (PIE DE IMPRENTA)
Lugar de publicación, distribución, etc. Lake Mary, Fla. :
Nombre del editor, distribuidor, etc. Charisma House,
Fecha de publicación, distribución, etc. c2006.
264 #1 - PRODUCCIÓN, PUBLICACIÓN, DISTRIBUCIÓN, MANUFACTURA, Y COPYRIGHT
Lugar de producción, publicación, distribución, manufactura Tyler. TX. :
Nombre del productor, publicador, distribuidor Jucum,
Fecha de producción, publicación, distribución, manufactura, o copyright [2006]
264 #4 - PRODUCCIÓN, PUBLICACIÓN, DISTRIBUCIÓN, MANUFACTURA, Y COPYRIGHT
Fecha de producción, publicación, distribución, manufactura, o copyright ©2006
300 ## - DESCRIPCIÓN FÍSICA
Extensión xx, 192 páginas. ;
Dimensiones 23 cm.
336 ## - TIPO DE CONTENIDO
Fuente rdacontent
Término de tipo de contenido texto
Código de tipo de contenido txt
337 ## - TIPO DE MEDIO
Fuente rdamedia
Nombre del tipo de medio sin mediación
Código del tipo de medio n
338 ## - TIPO DE SOPORTE
Fuente rdacarrier
Nombre del tipo de soporte volumen
Código Tipo de soporte nc
505 ## - NOTA DE CONTENIDO
Nota de contenido con formato preestablecido Regreso a la selva -- ¿Quién es mi Dios? -- Conflicto -- ¿Misionero? -- El primer encuentro con los indígenas -- Ayuda en el último minuto -- Comunistas -- A punto de ser asesinado -- Soborno -- Un recibimiento espantoso -- Dentro y fuera de la civilización -- Un espera impaciente -- Desánimo -- Un pacto fraternal -- Confundido con un caníbal -- La bruja curandera -- Jesús el motilón -- La noche de jaguar.-- milagros cotidianos -- Como David y Jonatán -- Gloria -- Casi aniquilados --- El remolino --- Más allá del horizonte -- Epílogo
534 ## - NOTA DE VERSION ORIGINAL
Publicación, distribución, etc. del original Bruchko
Frase introductoria Originalmente publicado en inglés con el título:
650 #0 - ASIENTO SECUNDARIO DE MATERIA - TERMINO TEMÁTICO
Término temático o nombre geográfico como elemento de entrada Motilon Indians
Subdivisión general Missions.
650 #0 - ASIENTO SECUNDARIO DE MATERIA - TERMINO TEMÁTICO
Término temático o nombre geográfico como elemento de entrada Yuko Indians
Subdivisión general Missions.
650 #0 - ASIENTO SECUNDARIO DE MATERIA - TERMINO TEMÁTICO
Término temático o nombre geográfico como elemento de entrada Indians of South America
Subdivisión general Missions
Subdivisión geográfica Venezuela.
650 #0 - ASIENTO SECUNDARIO DE MATERIA - TERMINO TEMÁTICO
Término temático o nombre geográfico como elemento de entrada Missionaries
Subdivisión geográfica Venezuela
Subdivisión de forma Biography.
650 #0 - ASIENTO SECUNDARIO DE MATERIA - TERMINO TEMÁTICO
Término temático o nombre geográfico como elemento de entrada Missionaries
Subdivisión geográfica United States
Subdivisión de forma Biography.
650 #0 - ASIENTO SECUNDARIO DE MATERIA - TERMINO TEMÁTICO
Término temático o nombre geográfico como elemento de entrada Misiones
9 (RLIN) 154
653 ## - TÉRMINO DE INDIZACIÓN - NO CONTROLADO
Término no controlado Indigenas -- Motilones -- Venezuela
653 ## - TÉRMINO DE INDIZACIÓN - NO CONTROLADO
Término no controlado Indigenas -- Motilones -- America del Sur
856 42 - LOCALIZACIÓN Y ACCESO ELECTRÓNICOS
Identificador Uniforme del Recurso <a href="http://www.loc.gov/catdir/enhancements/fy1010/2006280234-d.html">http://www.loc.gov/catdir/enhancements/fy1010/2006280234-d.html</a>
856 42 - LOCALIZACIÓN Y ACCESO ELECTRÓNICOS
Identificador Uniforme del Recurso <a href="http://www.loc.gov/catdir/enhancements/fy1208/2006280234-b.html">http://www.loc.gov/catdir/enhancements/fy1208/2006280234-b.html</a>
942 ## - TIPO DE MATERIAL (KOHA)
Tipo de Item KOHA Libros General
945 ## - INFORMACIÓN LOCAL DEL REGISTRO
Catalogador JTF-925
Existencias
Estado de Material Estado de Perdido Forma de Clasificación Estado de Dañado No para Préstamo Colección Tomo Biblioteca de Origen Biblioteca Permanente Fecha de Adquisición Total de Préstamos Total de Renovaciones Signatura Topográfica Código de Barras Última vez visto Última vez Préstado Ejemplar/Existencia Fecha de Remplazo Tipo de Material Forma de Adquisición Costo-Precio
    Dewey Decimal Classification     Colección General   Biblioteca FUSBC Biblioteca FUSBC 07/01/2005 16 2 G 266.0089 O524b 11795 12/12/2019 31/10/2019 Ej. 1 26/01/2016 Libros General    
    Dewey Decimal Classification     Colección General   Biblioteca FUSBC Biblioteca FUSBC 12/06/2018 12   G 266.0089 O524b 21941 01/03/2022 03/08/2019 Ej. 2 12/06/2018 Libros General Compra 26400.00
    Dewey Decimal Classification     Colección General   Biblioteca FUSBC Biblioteca FUSBC 12/06/2018 7   G 266.0089 O524b 21942 12/12/2019 19/10/2019 Ej. 3 12/06/2018 Libros General Compra 26400.00
    Dewey Decimal Classification     Colección General   Biblioteca FUSBC Biblioteca FUSBC 12/06/2018 13   G 266.0089 O524b 21943 02/03/2020 28/02/2020 Ej. 4 12/06/2018 Libros General Compra 26400.00

Biblioteca FUSBC | Teléfono: (57+4) 349 88 10 Ext. 141| WhatsApp (+57) 3005338115 
E-mail: biblioteca@unisbc.edu.co | Calle 76 87-14 Robledo Palenque, Medellín, Colombia

Con tecnología Koha